Migréna sebere až jeden pracovní měsíc ročně
Migréna má závažný dopad na súkromný, ale i pracovný život pacientov. Záchvat migrény ako nekonečná pracovná prekážka. Preventívna liečba a pomoc drobnými zmenami.
Salvato in:
| Natura: | Capitolo di libro |
|---|---|
| Lingua: | ceco |
| Soggetti: | |
| Tags: |
Nessun Tag, puoi essere il primo ad aggiungerne!!
|
MARC
| LEADER | 00000naa a2200000 4500 | ||
|---|---|---|---|
| 001 | 0260466 | ||
| 005 | 20191217093345.0 | ||
| 041 | 0 | |a cze | |
| 044 | |a CZ | ||
| 245 | 1 | 0 | |a Migréna sebere až jeden pracovní měsíc ročně |
| 520 | |a Migréna má závažný dopad na súkromný, ale i pracovný život pacientov. Záchvat migrény ako nekonečná pracovná prekážka. Preventívna liečba a pomoc drobnými zmenami. | ||
| 610 | 2 | 0 | |a čas pracovný |
| 610 | 2 | 0 | |a výkonnosť |
| 610 | 2 | 0 | |a prevencia |
| 610 | 2 | 0 | |a chorobnosť |
| 610 | 2 | 0 | |a práceneschopnosť |
| 610 | 2 | 0 | |a pracovisko |
| 610 | 2 | 0 | |a zdravie |